"Building Applications In The Cloud:Concepts,Patterns,and Projects" (Record no. 57855)

MARC details
000 -LEADER
fixed length control field 00450nam a2200169Ia 4500
008 - FIXED-LENGTH DATA ELEMENTS--GENERAL INFORMATION
fixed length control field 230524s9999 xx 000 0 und d
020 ## - INTERNATIONAL STANDARD BOOK NUMBER
ISBN 9788131764060
082 ## - DEWEY DECIMAL CLASSIFICATION NUMBER
Item number MOY
100 ## - MAIN ENTRY--AUTHOR NAME
Personal name Christopher M.Moyer
245 #0 - TITLE STATEMENT
Title "Building Applications In The Cloud:Concepts,Patterns,and Projects"
250 ## - EDITION STATEMENT
Edition statement 1
260 ## - PUBLICATION, DISTRIBUTION, ETC. (IMPRINT)
Place of publication New Delhi
Name of publisher Cengage
Year of publication 2012
300 ## - PHYSICAL DESCRIPTION
Number of Pages "XIII,307p;"
500 ## - GENERAL NOTE
General note Quantity Number: 1
650 ## - SUBJECT ADDED ENTRY--TOPICAL TERM
Topical Term Civil
942 ## - ADDED ENTRY ELEMENTS (KOHA)
Koha item type Books
Holdings
Lost status Damaged status Permanent Location Current Location Shelving location Date acquired Full call number Accession Number Koha item type
    Central Library, Trident Academy of Technology Central Library, Trident Academy of Technology General Stacks 05/24/2023 MOY 54147 Books
Trident Academy of Technology © 2023.
All rights reserved.                                                                                                                                                                                                        Designed by Team of Central Library .

Powered by Koha